Statistics for Top 100 songs of 2021

Click here to take the quiz!

General Stats

  • This quiz has been taken 90 times
  • The average score is 14 of 100

Answer Stats

Band/SingerAnswerno.% Correct
Olivia RodrigoDrivers License11
74%
Olivia RodrigoGood 4 U2
68%
Dua LipaLevitating3
62%
The Kid LAROI &
Justin Bieber
Stay17
60%
Glass AnimalsHeat Waves24
55%
Lil Nas X ft.
Jack Harlow
Industry Baby4
55%
Doja Cat ft. SZAKiss Me More13
51%
The Weeknd &
Ariana Grande
Save Your Tears21
51%
Olivia RodrigoDeja Vu46
47%
AdeleEasy On Me14
47%
Silk SonicLeave The Door Open1
47%
Justin Bieber ft.
Daniel Caesar &
Giveon
Peaches25
45%
BTSButter40
43%
Elton John & Dua LipaCold Heart44
38%
Billie EilishHappier Than Ever9
38%
Taylor SwiftAll Too Well5
32%
ManeskinBeggin72
30%
Cardi BUp22
28%
Saweetie ft. Doja
Cat
Best Friend30
26%
Lizzo & Cardi BRumors38
26%
SZAGood Days6
23%
GiveonHeartbreak Anniversary15
23%
LordeSolar Power52
23%
Kali UchisTelepatia8
23%
Doja CatNeed To Know49
21%
Camilla CabelloDon't Go Yet53
19%
Billie EilishYour Power80
17%
Wizkid ft. TemsEssence7
15%
Lil Nas XMontero (Call Me By Your Name)18
13%
Megan Thee StallionThot Shit50
13%
Girl In RedSerotonin47
11%
The WeekndTake My Breath57
11%
Normani ft. Cardi BWild Side77
11%
Pooh Shiesty ft.
Lil Durk
Back In Blood10
9%
Avril LavigneBite Me68
9%
Blxst ft. Ty Dolla $ign
and Tyga
Chosen95
9%
Polo GRapstar54
9%
Silk SonicSmokin Out The Window63
9%
ABBADon't Shut Me Down100
6%
Summer Walker ft. JTEx For A Reason62
6%
Baby Keem &
Kendrick Lamar
Family Ties16
6%
ChlöeHave Mercy35
6%
Kanye West feat. The Weeknd
& Lil Baby
Hurricane96
6%
Tyler, The CreatorLumberjack43
6%
FarrukoPepas70
6%
Rauw AlejandroTodo de Ti12
6%
Willow ft. Travis BarkerTransparentsoul66
6%
Brent Faiyaz ft. DrakeWasting Time34
6%
Pop SmokeWhat You Know Bout Love27
6%
Nardo Wick ft. 21 Savage,
G Herbo and Lil Durk
Who Want Smoke90
6%
Bo BurnhamAll Eyes On Me39
4%
ClairoAmoeba65
4%
H.E.RDamage73
4%
Capella GrayGyalis55
4%
Eric ChurchHell Of A View94
4%
HalseyI Am Not A Woman, I'm A God28
4%
PinkPantheressJust For Me20
4%
Tokischa & RosalíaLinda67
4%
CKayLove Nwantiti56
4%
Nathy PelusoMafiosa32
4%
Trippie Redd ft. Playboi CartiMiss The Rage64
4%
Jazmine SullivanPick Up Your Feelings19
4%
MUNA ft. Phoebe BridgersSilk Chiffon36
4%
City GirlsTwerkulator84
4%
Moneybagg YoWockesha83
4%
Chris StapletonYou Should Probably Leave41
4%
TWICEAlcohol Free89
2%
Japanese BreakfastBe Sweet31
2%
Amythyst KiahBlack Myself91
2%
Gera MX & Christian NodalBotella Tras Botella93
2%
Brockhampton ft. Danny BrownBuzzcut97
2%
YolaDiamond Studded Shoes69
2%
Julien BakerHardline75
2%
C. Tangana &
Andrés Calamaro
Hong Kong59
2%
Arlo ParksHurt51
2%
PronounI Wanna Die But I Can't98
2%
Old DominionI Was on a Boat That Day76
2%
Kacey MusgravesJustified29
2%
JungleKeep Moving92
2%
beabadoobeeLast Day On Earth85
2%
Sharon Van Etten &
Angel Olsen
Like I Used To58
2%
Porter RobbinsonLook At The Sky71
2%
TurnstileMystery74
2%
Carly Pearce &
Ashley McBryde
Never Wanted To Be That Girl60
2%
Yotuel, Gente De Zona
, Descemer Bueno,
Maykel Osorbo & El Funky
Patria y Vida37
2%
Remi Wolf ft.
Dominic Fike
Photo ID88
2%
The Linda LindasRacist Sexist Boy79
2%
Brandi CarlileRight On Time42
2%
Young Thug & GunnaSki86
2%
Michaela JaéSomething To Say87
2%
MitskiThe Only Heartbreaker82
2%
AdeleTo Be Loved45
2%
Snail MailValentine23
2%
CamiloVida de Rico48
2%
DrakeWhat's Next78
2%
Lana Del RayWhite Dress99
2%
Durand Jones &
the Indications
Witchoo61
2%
Grupo FirmeYa Superame81
2%
Bad BunnyYonaguni26
2%
Brothers OsborneYounger Me33
2%

Score Distribution

Percentile by Number Answered

Percent of People with Each Score

Your Score History

You have not taken this quiz